书目信息 |
| 题名: |
“大现代”文化视域中的郭沫若
|
|
| 作者: | 李继凯 , 冯超 著 | |
| 分册: | ||
| 出版信息: | 成都 四川文艺出版社 2019 |
|
| 页数: | 278页 | |
| 开本: | 24cm | |
| 丛书名: | 郭沫若研究文库 | |
| 单 册: | ||
| 中图分类: | K825.6=73 | |
| 科图分类: | ||
| 主题词: | ||
| 电子资源: | ||
| ISBN: | 978-7-5411-5307-5 | |
| 000 | 01161nam0 2200265 450 | |
| 001 | 012001007668 | |
| 005 | 20191028163159.48 | |
| 010 | @a978-7-5411-5307-5@dCNY68.00 | |
| 100 | @a20190709d2019 em y0chiy50 ea | |
| 101 | 0 | @achi |
| 102 | @aCN@b510000 | |
| 105 | @aa z 000yd | |
| 106 | @ar | |
| 200 | 1 | @a“大现代”文化视域中的郭沫若@9“ da xian dai ”wen hua shi yu zhong de guo mo ruo@b专著@f李继凯,冯超著 |
| 205 | @a2版 | |
| 210 | @a成都@c四川文艺出版社@d2019 | |
| 215 | @a278页@c图@d24cm | |
| 225 | 1 | @a郭沫若研究文库@h第一辑 |
| 330 | @a本书是李继凯教授有关郭沫若研究的论文合集,以“大现代文化视域”为思想脉络分述了历年潜心的郭沫若研究成果。从语言角度来看,本书结构严谨、文笔流畅、表达清晰,是典型意义上的论文文风,具备一定的可读性;从学术作品意义而言,本书立论结论谨慎,行文符合学术论文规范,较为客观地介评了郭沫若在中国现代文学史、书法史、教育史等领域中的意义,因而具备一定的学术及史料价值。 | |
| 600 | 0 | @a郭沫若@f(1892-1978)@x人物研究@j文集 |
| 690 | @aK825.6=73@v5 | |
| 701 | 0 | @a李继凯@9li ji kai@f(1957-)@4著 |
| 701 | 0 | @a冯超@9feng chao@f(1988-)@4著 |
| 801 | 2 | @aCN@b上海新华@c20191020 |
| 905 | @b1133877-80@dK825.6=73@e1243=2@f4 | |
| “大现代”文化视域中的郭沫若/李继凯,冯超著.-2版.-成都:四川文艺出版社,2019 |
| 278页:图;24cm.-(郭沫若研究文库.第一辑) |
| ISBN 978-7-5411-5307-5:CNY68.00 |
| 本书是李继凯教授有关郭沫若研究的论文合集,以“大现代文化视域”为思想脉络分述了历年潜心的郭沫若研究成果。从语言角度来看,本书结构严谨、文笔流畅、表达清晰,是典型意义上的论文文风,具备一定的可读性;从学术作品意义而言,本书立论结论谨慎,行文符合学术论文规范,较为客观地介评了郭沫若在中国现代文学史、书法史、教育史等领域中的意义,因而具备一定的学术及史料价值。 |
| ● |
| 相关链接 |
|
|
|
|
正题名:"大现代"文化视域中的郭沫若
索取号:K825.6=73/1243=2
 
预约/预借
| 序号 | 登录号 | 条形码 | 馆藏地/架位号 | 状态 | 备注 |
| 1 | 1133877 | 211338774 | 第二样本阅览室/ [索取号:K825.6=73/1243=2] | 在馆 | |
| 2 | 1133878 | 211338783 | 第二借阅区/ [索取号:K825.6=73/1243=2] | 在馆 | |
| 3 | 1133879 | 211338792 | 第二借阅区/ [索取号:K825.6=73/1243=2] | 在馆 | |
| 4 | 1133880 | 211338809 | 第二借阅区/ [索取号:K825.6=73/1243=2] | 在馆 |